| 000 | 01046nam a2200241 i 4500 | ||
|---|---|---|---|
| 003 | IT-RoINE | ||
| 005 | 20201119104619.0 | ||
| 008 | 930428s1987 dr |rb 001 0bspa d | ||
| 040 |
_aDLC _cDLC IT-RoINE _dIT-RoINE |
||
| 100 | 1 |
_aTisnés Jiménez, Roberto María, _d1926- _95988 |
|
| 245 | 1 | 0 |
_aAlejandro Geraldini : _bprimer obispo residente de Santo Domingo en la Española, amigo y defensor de Colón / _cRoberto M. Tisnés J. |
| 260 |
_aSanto Domingo, República Dominicana : _bArzobispado de Santo Domingo : _bOficina de la Obra y Museos de la Catedral Metropolitana de Santo Domingo, Primada de Indias, _c1987. |
||
| 300 |
_a421 p. ; _c24 cm. |
||
| 336 |
_2rdacontent _atext |
||
| 337 |
_2rdamedia _aunmediated |
||
| 338 |
_2rdacarrier _avolume |
||
| 490 | 1 | 0 |
_aCatedral primada. _aSerie Estudios ; _v1 |
| 500 | _aIncluye índice. | ||
| 504 | _aBibliografía: p. 389-396. | ||
| 600 | 1 | 4 |
_95989 _aGeraldini, Alessandro, _cObispo de Santo Domingo, _d1455-1525 _xBiografía |
| 830 | 0 |
_aCatedral primada. _pSerie Estudios ; _95990 _v1 |
|
| 942 | _cMTS | ||
| 999 |
_c3021 _d3021 |
||